Nekomutativna kvantifikovana fazi selekcija podataka

Tvorba požiadaviek pre fuzzy databázy pri špecifických požiadavkách - obmedzeniach a želaniach. Vývoj lingvistických kvantifikátorov spĺňajúcich požadované podmienky výberu vo fuzzy databázach.

Gespeichert in:
Bibliographische Detailangaben
1. Verfasser: Hudec, Miroslav, 1969-
Format: Buchkapitel
Sprache:Serbisch
Schlagworte:
Tags: Tag hinzufügen
Keine Tags, Fügen Sie das erste Tag hinzu!

MARC

LEADER 00000nla a2200000 4500
001 0220179
005 20240502083547.4
041 0 |a srp 
044 |a RS 
245 1 0 |a Nekomutativna kvantifikovana fazi selekcija podataka  |c Miroslav Hudec 
520 |a Tvorba požiadaviek pre fuzzy databázy pri špecifických požiadavkách - obmedzeniach a želaniach. Vývoj lingvistických kvantifikátorov spĺňajúcich požadované podmienky výberu vo fuzzy databázach. 
610 2 0 |a ukazovatele kvantitatívne 
610 2 0 |a metódy kvantitatívne 
610 2 0 |a systémy databázové 
610 2 0 |a agregácia 
100 1 |a Hudec, Miroslav, 1969-